<?xml version="1.0" encoding="UTF-8"?><?xml-stylesheet type="text/xsl" href="static/style.xsl"?><OAI-PMH xmlns="http://www.openarchives.org/OAI/2.0/" xmlns:xsi="http://www.w3.org/2001/XMLSchema-instance" xsi:schemaLocation="http://www.openarchives.org/OAI/2.0/ http://www.openarchives.org/OAI/2.0/OAI-PMH.xsd"><responseDate>2026-06-07T19:15:37Z</responseDate><request verb="GetRecord" identifier="oai:docta.ucm.es:20.500.14352/137027" metadataPrefix="marc">https://docta.ucm.es/rest/oai/request</request><GetRecord><record><header><identifier>oai:docta.ucm.es:20.500.14352/137027</identifier><datestamp>2026-06-01T23:47:32Z</datestamp><setSpec>com_20.500.14352_14</setSpec><setSpec>col_20.500.14352_119695</setSpec></header><metadata><record xmlns="http://www.loc.gov/MARC21/slim" xmlns:dcterms="http://purl.org/dc/terms/" xmlns:xsi="http://www.w3.org/2001/XMLSchema-instance" xmlns:doc="http://www.lyncode.com/xoai" xsi:schemaLocation="http://www.loc.gov/MARC21/slim http://www.loc.gov/standards/marcxml/schema/MARC21slim.xsd">
   <leader>00925njm 22002777a 4500</leader>
   <datafield ind2=" " ind1=" " tag="042">
      <subfield code="a">dc</subfield>
   </datafield>
   <datafield ind2=" " ind1=" " tag="720">
      <subfield code="a">Oliva Lozano, Mónica</subfield>
      <subfield code="e">author</subfield>
   </datafield>
   <datafield ind2=" " ind1=" " tag="260">
      <subfield code="c">2024</subfield>
   </datafield>
   <datafield ind2=" " ind1=" " tag="520">
      <subfield code="a">La obra Constelaciones constituye una interpretación artística de la creación del universo y el estudio de la morfología galáctica, temática central de esta investigación. El proyecto toma como referencia visual la galaxia lenticular NGC 5128, conocida como Centauro A, considerada un sistema intermedio entre las galaxias elípticas y espirales. En la clasificación del Telescopio Espacial Hubble, este tipo de galaxias corresponde a la categoría S0, caracterizada por una estructura híbrida que conserva rasgos de ambas morfologías. Desde una perspectiva conceptual y material, Constelaciones explora la relación entre los cuerpos celestes y los procesos de formación estelar. La obra alude al polvo interestelar y a los remanentes de materia que orbitan alrededor de núcleos estelares, elementos fundamentales en la configuración de nuevas galaxias y sistemas cósmicos, invitando a una reflexión visual sobre la inmensidad del universo y las tensiones entre orden, vacío y transformación.
La pieza forma parte de la exposición Ecos del Cosmos. Galaxias ancestrales reveladas, que aborda el cambio de paradigma en el estudio de la evolución de las galaxias y pone de relieve la importancia de la colaboración entre las distintas Agencias Espaciales, integrando ciencia y arte como una estrategia innovadora para la exploración, interpretación y divulgación del conocimiento sobre el universo. A través de esta convergencia interdisciplinar, se propone una aproximación alternativa a la comprensión de la belleza y al misterio del cosmos, capaz de acercar los avances científicos al público desde una dimensión estética y cultural.</subfield>
   </datafield>
   <datafield ind1="8" ind2=" " tag="024">
      <subfield code="a">https://hdl.handle.net/20.500.14352/137027</subfield>
   </datafield>
   <datafield ind1="8" ind2=" " tag="024">
      <subfield code="a">https://www.ucm.es/sciart/ecos-del-cosmos</subfield>
   </datafield>
   <datafield ind1="8" ind2=" " tag="024">
      <subfield code="a">https://planetmad.es/events/event/exposicion-ecos-del-cosmos/</subfield>
   </datafield>
   <datafield ind1="8" ind2=" " tag="024">
      <subfield code="a">https://www.rtve.es/play/audios/punto-de-enlace/exposicion-ecos-del-cosmos-trabajo-artistico-cientifico/16194113/</subfield>
   </datafield>
   <datafield ind1="8" ind2=" " tag="024">
      <subfield code="a">https://robledodechavela.es/ecos-del-cosmos-galaxias-ancestrales-reveladas-en-robledo-de-chavela/</subfield>
   </datafield>
   <datafield ind2="0" ind1="0" tag="245">
      <subfield code="a">Constelaciones</subfield>
   </datafield>
</record></metadata></record></GetRecord></OAI-PMH>